00460nam a2200181 a 4500001001300000003000900013005001700022008004100039020002200080082001300102100002100115245002200136260003700158300001000195500003500205650001700240700002100257nice12345678IN_TiNIC20260116014149.0140525s1998 enga grp 000 0 eng  a8171093949 c4000a248bLAU aLauder, Robert E aYour Sacred Story aEngland bSt. Pauls Pubs. c1998 a103p  aincludes index and biblioraphy aSpirituality1 aLauder, Robert E